| 000 -LEADER |
| fixed length control field |
00825nam a22002057a 4500 |
| 005 - DATE AND TIME OF LATEST TRANSACTION |
| control field |
20190820081258.0 |
| 008 - FIXED-LENGTH DATA ELEMENTS--GENERAL INFORMATION |
| fixed length control field |
190820b ||||| |||| 00| 0 eng d |
| 020 ## - INTERNATIONAL STANDARD BOOK NUMBER |
| International Standard Book Number |
9781442423770 |
| 040 ## - CATALOGING SOURCE |
| Transcribing agency |
KH8 |
| 082 ## - DEWEY DECIMAL CLASSIFICATION NUMBER |
| Classification number |
FIC DUR |
| 100 ## - MAIN ENTRY--PERSONAL NAME |
| Personal name |
Durst, Sarah Beth |
| 245 ## - TITLE STATEMENT |
| Title |
Vessel / |
| Statement of responsibility, etc. |
Sarah Beth Durst |
| 260 ## - PUBLICATION, DISTRIBUTION, ETC. |
| Place of publication, distribution, etc. |
New York : |
| Name of publisher, distributor, etc. |
Margaret K. McElderry Books, |
| Date of publication, distribution, etc. |
2013. ©2012. |
| 300 ## - PHYSICAL DESCRIPTION |
| Extent |
424 p. ; |
| Dimensions |
21 cm. |
| 520 ## - SUMMARY, ETC. |
| Summary, etc. |
When the goddess Bayla fails to take over Liyana's body, Liyana's people abandon her in the desert to find a more worthy vessel, but she soon meets Korbyn, who says the souls of seven deities have been stolen and he needs Liyana's help to find them. |
| 650 ## - SUBJECT ADDED ENTRY--TOPICAL TERM |
| Topical term or geographic name entry element |
Goddesses |
| Form subdivision |
Juvenile fiction. |
| 650 ## - SUBJECT ADDED ENTRY--TOPICAL TERM |
| Topical term or geographic name entry element |
Fate and fatalism |
| Form subdivision |
Juvenile fiction. |
| 650 ## - SUBJECT ADDED ENTRY--TOPICAL TERM |
| Topical term or geographic name entry element |
Survival |
| Form subdivision |
Juvenile fiction. |
| 942 ## - ADDED ENTRY ELEMENTS (KOHA) |
| Source of classification or shelving scheme |
|
| Koha item type |
Books - Fiction |